| 000 | 00713nmm a22002297a 4500 | ||
|---|---|---|---|
| 005 | 20160517122011.0 | ||
| 008 | 131202b2003 ck ||||| |||| 00| 0 spa d | ||
| 041 | _aspa | ||
| 044 | _ack | ||
| 090 |
_aLB _b05821 |
||
| 110 |
_aSINAP _93168 |
||
| 245 | _aI Seminario Nacional sobre áreas protegidas de Colombia | ||
| 260 |
_aValle del Cauca _bCVC _bASOCARS _bCAR _cNoviembre 2003 |
||
| 300 |
_a370 p., _c13 cm |
||
| 710 |
_aCAR _93078 |
||
| 710 |
_aASOCAR _93169 |
||
| 710 |
_aDepartamento del Valle del Cauca _93171 |
||
| 710 |
_aConservación Internacional Colombia _9910 |
||
| 710 |
_947093 _aCorporación Autónoma Regional del Valle del Cauca - CVC |
||
| 856 | _ufile:///E|/AGENDA.htm | ||
| 942 |
_2z _cCD-ROM |
||
| 999 |
_c7981 _d7981 |
||